[Event "Agneaux St Lo op"]
[Site "Agneaux"]
[Date "2022.07.12"]
[Round "5"]
[White "Guillemette, Ulysse"]
[Black "Veyres Py, Sophie"]
[Result "1-0"]
[WhiteElo "1303"]
[BlackElo "1009"]
[PlyCount "35"]
[EventDate "2022.07.09"]
[EventType "swiss"]
[EventRounds "9"]
[EventCountry "FRA"]
[SourceTitle "EXT 2023"]
[Source "ChessBase"]
[SourceDate "2022.10.05"]
[SourceVersion "1"]
[SourceVersionDate "2022.10.05"]
[SourceQuality "1"]

1. e4 e5 2. Nc3 Nf6 3. f4 exf4 4. e5 Ng8 5. Nf3 f6 6. d4 d6 7. Bxf4 Bg4 8. Be2 Bxf3 9. Bxf3 Nc6 10. Bxc6+ bxc6 11. Qe2 dxe5 12. dxe5 fxe5 13. Qh5+ g6 14. Qxe5+ Ne7 15. Qxh8 Rb8 16. Ne4 Rxb2 17. Qxb2 Nd5 18. Qe5+ 1-0

[Event "FRA-ch U12"]
[Site "Agen"]
[Date "2022.04.16"]
[Round "1"]
[White "Charlier, Antoine"]
[Black "Guillemette, Ulysse"]
[Result "1-0"]
[WhiteElo "1891"]
[BlackElo "1294"]
[PlyCount "45"]
[EventDate "2022.04.16"]
[EventType "swiss"]
[EventRounds "9"]
[EventCountry "FRA"]
[SourceTitle "EXT 2023"]
[Source "ChessBase"]
[SourceDate "2022.10.05"]
[SourceVersion "1"]
[SourceVersionDate "2022.10.05"]
[SourceQuality "1"]

1. d4 d5 2. Nc3 Bf5 3. Bf4 e6 4. f3 Bb4 5. e3 Nf6 6. g4 Bxc3+ 7. bxc3 Bg6 8. h4 h5 9. g5 Nfd7 10. Bd3 Bxd3 11. cxd3 f6 12. Ne2 c5 13. 0-0 Nc6 14. e4 Nb6 15. dxc5 e5 16. cxb6 Qxb6+ 17. Kg2 exf4 18. Nxf4 Qb2+ 19. Rf2 Qxc3 20. exd5 Ne5 21. d4 Nd7 22. Rc1 Qa5 23. Qe2+ 1-0